LEADER 01164nam a2200277 a 4500 001 000000167021 003 CaOOAMICUS 005 20180412110112.0 008 180412s1983 it u000 u ita r 032 $aLibriCat 040 $aPUL$bita 100 1 $aVattimo, Gianni,$d1936-$0(OLS)http://pul/name/9011 245 13$aIl soggetto e la maschera :$bNietzsche e il problema della liberazione /$cGianni Vattimo. 250 $a2. ed. 260 $aMilano :$bBompiani,$c1983. 300 $a174 p. ;$c21 cm. 490 1 $aStudi Bompiani. Filosofia 504 $aBibliografia in nota a pič pagina. 600 14$aNietzsche, Friedrich Wilhelm,$d1844-1900$xCritica e interpretazione.$0(OLS)http://pul/subject/7758 830 0$aStudi Bompiani.$pFilosofia.$0(OLS)http://pul/title/47723 850 $aPUL 852 $aPUL$W1$xDP1 Fondo Dalla Palma$y117$m1 D 44$j42344$qFondi$B194560$CPULBib$Z2$F194560 $HDal1301 $81 941 1 $a1 996 $6245$aIl soggetto e la maschera :$bNietzsche e il problema della liberazione$9(OLS)http://pul/title/47675 996 $6260$aMilano :$bBompiani$9(OLS)http://pul/publisher/48240 LEADER 01115nam a2200265 4500 001 000000170821 003 CaOOAMICUS 005 20181128151525.0 008 181128s1963 it 000 u ita r 032 $aLibriCat 040 $aPUL$bita 100 1 $aLocatelli, Carlo.$0(OLS)http://pul/name/109859 245 10$aDio e il miracolo conoscibili al di lā della scienza /$cAldo Locatelli. 260 $aVenegono Inferiore :$bLa Scuola Cattolica,$c1963. 300 $a325 p. ;$c24 cm. 502 $aTesi -- Pontificia Facultas Theologica, 1963. 504 $aBibliografia in nota. 650 04$aMiracoli.$0(OLS)http://pul/subject/8873 710 2 $aPontificia Facoltā teologica di Milano.$kTesi.$0(OLS)http://pul/name/109856 850 $aPUL 852 $aPUL$W1$xDP1 Tesi Varie$y51$mTH VAR 280$j193956$qTesi$B199323$CPULBib$Z2$F199323 $H23383 $81 941 1 $a16 996 $6245$aDio e il miracolo conoscibili al di lā della scienza$9(OLS)http://pul/title/211652 996 $6260$aVenegono Inferiore :$bLa Scuola Cattolica$9(OLS)http://pul/publisher/56961